00434nam a2200157 a 4500008004100000020001500041050001500056100002200071245006400093260004000157300001800197350000900215650001800224650001500242650001900257060424s1993 ||||||||||||||||| || u a0879302887 aTS 875 Mal aMaloney, Thomas M10aModern particleboard & dry-process fiberboard manufacturing aSan FranciscobMiller Freemanc1993 a681 p. : ill. a0.00 aMANUFACTURING aFIBERBOARD aPARTICLE BOARD